000 00964nam a2200289 i 4500
001 000035984
003 DO-SdBNP
005 20240530073935.0
007 ta
008 111121s1966 dr a 000 e spa d
040 _aDO-SdBNP
_bspa
_cBNPHU
_erda
049 _a
082 4 _aRD864.44
_bS237u
_222
100 1 _aSantos, Rafael B.
_926585
_eautor
245 1 0 _aUna luz en la noche :
_balgunas consideraciones sobre la degeneración de las bellas artes /
_cRafael B. Santos.
264 _aSanto Domingo :
_bArte y cine,
_c1966.
300 _a30 páginas ;
_b
_c22 cm.
336 _2rdacontent
_atexto
_btxt
337 _2rdamedia
_asin mediación
_bn
338 _2rdacarrier
_avolumen
_bnc
590 _aInventariado, 2020/VM
650 0 _aEnsayos dominicanos
_965
650 0 _aLiteratura dominicana.
_967
650 4 _aApreciación del arte
_xEnsayos, conferencias, etc.
_962017
910 _aVMateo / Validado. Control de calidad EMS
942 _2ddc
_cLF2
999 _c35475
_d35475